| 000 | 00858nam a22002657a 4500 | ||
|---|---|---|---|
| 003 | OSt | ||
| 005 | 20221026144614.0 | ||
| 008 | 180316b xxu||||| |||| 00| 0 eng d | ||
| 010 | _a6723976 | ||
| 040 | _aLB-BrCRDP | ||
| 082 | _a371.30281 A516i | ||
| 100 | _aAmidon, Edmund J., | ||
| 245 |
_aInteraction analysis: Theory, Research and Application / _cEdmund J. Amidon (Editor), John B. Hough (Editor), Ned A. Flanders (Writer of introduction) |
||
| 260 |
_aLondon _bAddison-Wesley Publishing Company _c1967 |
||
| 300 |
_a401p _c23cm |
||
| 650 |
_aEducational psychology _9177 |
||
| 650 |
_aEducational theory _9177 |
||
| 650 | _aSocial groups | ||
| 650 | _aInterpersonal Relations | ||
| 650 |
_aInteraction analysis in education _9156 |
||
| 650 | _aGroup Processes | ||
| 700 | _aHough, John B. | ||
| 700 | _aFlanders, Ned A. | ||
| 942 |
_2ddc _cBK |
||
| 999 |
_c18920 _d18920 |
||